000
00258nam a2200109Ia 4500
008
200302s9999 xx 000 0 und d
100
_a
Richard Wiles
245
_a
Home Lighting Ideas
260
_b
Texas By Aura Editions Ltd.
260
_c
1985
300
_a
72 P.,
999
_c
783
_d
783